Statistics for 2023 MLB Opening Day Starting Pitchers Quiz (With Pictures)

Click here to take the quiz!

General Stats

  • This quiz has been taken 131 times
  • The average score is 24 of 30

Answer Stats

Answer% Correct
Max Fried
95%
Gerrit Cole
91%
Jacob deGrom
91%
Shohei Ohtani
91%
Blake Snell
90%
Julio Urías
90%
Marcus Stroman
90%
Sandy Alcantara
90%
Aaron Nola
89%
Corbin Burnes
89%
Eduardo Rodriguez
89%
Max Scherzer
89%
Shane Bieber
89%
Zac Gallen
89%
Luis Castillo
88%
Framber Valdez
86%
Corey Kluber
85%
Zack Greinke
84%
Logan Webb
82%
Pablo López
79%
Hunter Greene
78%
Patrick Corbin
78%
Dylan Cease
75%
Germán Márquez
75%
Miles Mikolas
75%
Alek Manoah
73%
Shane McClanahan
66%
Mitch Keller
61%
Kyle Gibson
60%
Kyle Muller
34%

Score Distribution

Percentile by Number Answered

Percent of People with Each Score

Your Score History

You have not taken this quiz